<?xml version="1.0" encoding="UTF-8"?>
<record
    xmlns:xsi="http://www.w3.org/2001/XMLSchema-instance"
    xsi:schemaLocation="http://www.loc.gov/MARC21/slim http://www.loc.gov/standards/marcxml/schema/MARC21slim.xsd"
    xmlns="http://www.loc.gov/MARC21/slim">

  <leader>00629nam a22001937a 4500</leader>
  <datafield tag="952" ind1=" " ind2=" ">
    <subfield code="0">0</subfield>
    <subfield code="1">0</subfield>
    <subfield code="2">lcc</subfield>
    <subfield code="4">0</subfield>
    <subfield code="7">0</subfield>
    <subfield code="a">14</subfield>
    <subfield code="b">14</subfield>
    <subfield code="d">2018-10-29</subfield>
    <subfield code="l">1</subfield>
    <subfield code="o">HV8077 S48 2014</subfield>
    <subfield code="p">14 007026</subfield>
    <subfield code="r">2019-08-31</subfield>
    <subfield code="s">2019-08-30</subfield>
    <subfield code="t">1</subfield>
    <subfield code="w">2018-10-29</subfield>
    <subfield code="y">LB</subfield>
  </datafield>
  <datafield tag="999" ind1=" " ind2=" ">
    <subfield code="c">103558</subfield>
    <subfield code="d">103558</subfield>
  </datafield>
  <controlfield tag="005">20231102152058.0</controlfield>
  <controlfield tag="008">181029s2014    pn a|||f |||| 00| 0 spa d</controlfield>
  <datafield tag="020" ind1=" " ind2=" ">
    <subfield code="a">9789962056706</subfield>
  </datafield>
  <datafield tag="050" ind1=" " ind2=" ">
    <subfield code="a">HV8077</subfield>
    <subfield code="b">R69 2014</subfield>
  </datafield>
  <datafield tag="245" ind1="1" ind2="0">
    <subfield code="a">Bal&#xED;stica forense y armamento </subfield>
    <subfield code="c">/ Tomas Sevilla Royo </subfield>
  </datafield>
  <datafield tag="250" ind1=" " ind2=" ">
    <subfield code="a">1a edicci&#xF3;n </subfield>
  </datafield>
  <datafield tag="260" ind1=" " ind2=" ">
    <subfield code="a">Panama</subfield>
    <subfield code="b">: Seguridad y defensa</subfield>
    <subfield code="c">, 2014</subfield>
  </datafield>
  <datafield tag="300" ind1=" " ind2=" ">
    <subfield code="a">267 p&#xE1;ginas </subfield>
  </datafield>
  <datafield tag="490" ind1=" " ind2=" ">
    <subfield code="a">11 seguridad y defensa </subfield>
  </datafield>
  <datafield tag="519" ind1=" " ind2=" ">
    <subfield code="a">Donaci&#xF3;n </subfield>
    <subfield code="b">Donaci&#xF3;n </subfield>
    <subfield code="c">Bal&#xED;stica</subfield>
    <subfield code="d">14 007026</subfield>
  </datafield>
  <datafield tag="650" ind1=" " ind2="0">
    <subfield code="a">BAL&#xCD;STICA FORENSE</subfield>
  </datafield>
  <datafield tag="942" ind1=" " ind2=" ">
    <subfield code="2">lcc</subfield>
    <subfield code="c">LB</subfield>
  </datafield>
</record>
